El castillo alto / (Registro nro. 35921)
[ vista simple ]
| 000 -CABECERA | |
|---|---|
| Longitud fija campo de control | 00732nam a2200229 a 4500 |
| 003 - • IDENTIFICADOR DELl NÚMERO DE CONTROL | |
| Identificador del número de control | CO-ViMGA |
| 005 - • FECHA Y HORA DE LA ÚLTIMA TRANSACCIÓN | |
| Fecha y hora de la última transacción | 20230915233143.0 |
| 008 - • CÓDIGOS DE INFORMACIÓN DE LONGITUD FIJA | |
| Códigos de información de longitud fija | 061230s2006 sp gr 00010 spa d |
| 020 ## - • NÚMERO INTERNACIONAL NORMALIZADO PARA LIBROS | |
| Número Internacional Normalizado para Libros (ISBN) | 8496601188 |
| 020 ## - • NÚMERO INTERNACIONAL NORMALIZADO PARA LIBROS | |
| Número Internacional Normalizado para Libros (ISBN) | 9788496601185 |
| 040 ## - FUENTE DE LA CATALOGACIÓN | |
| Centro catalogador de origen | CO-ViMGA |
| Lengua de catalogación | spa |
| Centro transcriptor | CO-ViMGA |
| 041 1# - • CÓDIGO DE LENGUA | |
| Código de lengua original | ucr |
| 082 04 - • NÚMERO DE LA CLASIFICACIÓN DECIMAL DEWEY | |
| Número de clasificación (R) | 920 |
| Número del ítem | L35c6 |
| Número de edición | 21 ed. |
| 100 1# - • PUNTO DE ACCESO PRINCIPAL-NOMBRE DE PERSONA | |
| Nombre de persona | Lem, Stanislaw, |
| Fechas asociadas al nombre | 1921-2006. |
| 245 13 - • TITULO PROPIAMENTE DICHO | |
| Título | El castillo alto / |
| Mención de responsabilidad, etc. | Stanislaw Lem ; traducción de Andrzej Kovalski. |
| 300 ## - • DESCRIPCIÓN FÍSICA | |
| Extensión | 218 p. ; |
| Dimensiones | 18 cm. |
| 534 ## - • Nota De Versión Original | |
| -- | Título original : |
| Título | Wysoki zamek. |
| 600 16 - • PUNTO DE ACCESO ADICIONAL DE MATERIA - NOMBRE DE PERSONA | |
| Nombre de persona | Lem, Stanislaw, |
| Fechas asociadas al nombre | 1921-2006 |
| Subdivisión de forma (R ) | Autobiografías. |
| 700 12 - • PUNTO DE ACCESO ADICIONAL - NOMBRE DE PERSONA | |
| Nombre de persona | Kovalsk, Andrzej, |
| Término indicativo de función | tr. |
| 942 ## - ENTRADA DE ELEMENTOS AGREGADOS (KOHA) | |
| Fuente de clasificaión o esquema | Dewey Decimal Classification |
| Koha [por defecto] tipo de item | LIbro |
| Perdido | Fuente de clasificación o esquema | Estado Físico | No para préstamo | Forma de adquisición | Localización permanente | Localización actual | Fecha adquisición | Préstamos totales | Signatura completa | Código de barras | Fecha última consulta | Número de copia | Fecha del precio de reemplazo | Tipo de item de Koha |
|---|---|---|---|---|---|---|---|---|---|---|---|---|---|---|
| Dewey Decimal Classification | Sala General Segundo Piso | Biblioteca Pública Germán Arciniegas - Villavicencio | Biblioteca Pública Germán Arciniegas - Villavicencio | 09/02/2016 | 920 L35c6 | 31030 | 09/02/2016 | Ej. 1 | 09/02/2016 | LIbro |